Los paisajes de la ciudad oculta /
שמור ב:
| מחבר ראשי: | |
|---|---|
| פורמט: | Texto |
| תגים: |
הוספת תג
אין תגיות, היה/י הראשונ/ה לתייג את הרשומה!
|
MARC
| LEADER | 00000 a a2200000 04500 | ||
|---|---|---|---|
| 001 | 45852 | ||
| 003 | |||
| 040 | |a CRAI/IIS |c CRAI/IIS | ||
| 100 | |a Tardin Coelho, Raquel Hemerly | ||
| 245 | |a Los paisajes de la ciudad oculta / |c Raquel Hemerly Tardin Coelho | ||
| 773 | |g páginas 197-216 | ||
| 999 | |c 17885 |d 17885 | ||
